Who In Greek Mythology .....? - Statistics

General Stats
  • This quiz has been taken 192 times
  • The average score is 10 of 15
Answer Stats
Who In Greek Mythology... Answer % Correct
Opened a box letting evil into the world Pandora
97%
Flew to close to the sun Icarus
89%
Gave fire to humanity Prometheus
89%
Was born out of Zeus's forehead Athena
87%
Completed twelve labors Heracles
87%
Kidnapped to be queen of the underworld Persephone
84%
Shoots people with love arrows Eros
82%
Peace goddess who claims the hearth Hestia
75%
Fell in love with his own reflection Narcissus
75%
Killed the minotaur Theseus
74%
Repeats the last thing someone says, says Echo
72%
Rolls a rock up a hill every day Sisyphus
67%
Got trapped in a jar for 13 months Ares
28%
Was caught "burning the mortal out" of a baby Demeter
23%
Crashed the sun chariot Phaethon
16%
No matching quizzes found
Score Distribution
Percent of People with Each Score
Percentile by Number Answered
Your Score History
You have not taken this quiz